Análisis coyuntural y proceso político. Las Fases del conflicto en Chile 1970 - 1973 /

Gespeichert in:
Bibliographische Detailangaben
1. Verfasser: Garretón ., Manuel A.
Körperschaft: CSUCA. Programa Centroaméricano de Ciencias Sociales
Weitere Verfasser: Moulian, Tomás
Format: Text
Veröffentlicht: San José: EDUCA
Tags: Tag hinzufügen
Keine Tags, Fügen Sie den ersten Tag hinzu!

MARC

LEADER 00000 a a2200000 04500
001 22171
003
040
090 |a 150200  
100 |a Garretón ., Manuel A.  
110 |a CSUCA. Programa Centroaméricano de Ciencias Sociales  
245 |a Análisis coyuntural y proceso político. Las Fases del conflicto en Chile 1970 - 1973 /  |c Manuel A. Garretón 
260 |a San José:   |b EDUCA  
300 |a 113 p  
700 |a Moulian, Tomás  
999 |c 15966  |d 15966